ARRUPE JESUIT UNIVERSITY

CORONAVIRUS -STOP THE SPREAD - CLEAN,DISINFECT,COVER
Normal view MARC view

Entry Personal Name

Number of records used in: 1

001 - CONTROL NUMBER

  • control field: 23579

003 - CONTROL NUMBER IDENTIFIER

  • control field: ARRUPE

005 - DATE AND TIME OF LATEST TRANSACTION

  • control field: 20160406122939.0

008 - FIXED-LENGTH DATA ELEMENTS

  • fixed length control field: 160406|| aca||aabn | a|a d

040 ## - CATALOGING SOURCE

  • Original cataloging agency: ARRUPE
  • Transcribing agency: ARRUPE

100 ## - HEADING--PERSONAL NAME

  • Personal name: Sheik-ʻAbdi, ʻAbdi
  • Fuller form of name: (ʻAbdi ʻAbdulqadir).

670 ## - SOURCE DATA FOUND

  • Source citation: Work cat.: (ARRUPE)0: Sheik-ʻAbdi, ʻAbdi (ʻAbdi ʻAbdulqadir)., Divine madness :, c1993.

 

Arrupe Library. PO Box MP320 Mt Pleasant, Harare, Zimbabwe
263 242 745411|librarian@aju.ac.zw